[Event "Leutersdorf Sparkasse op 15th"]
[Site "Leutersdorf"]
[Date "2011.02.19"]
[Round "3"]
[White "Vogel, Roven"]
[Black "Pohl, Holger"]
[Result "1-0"]
[WhiteElo "1593"]
[BlackElo "1282"]
[PlyCount "29"]
[EventDate "2011.02.18"]
[EventType "swiss"]
[EventRounds "7"]
[EventCountry "GER"]
[SourceTitle "CBM 141 Extra"]
[Source "ChessBase"]
[SourceDate "2011.05.03"]
[SourceVersion "1"]
[SourceVersionDate "2011.05.03"]
[SourceQuality "1"]

1. e4 e5 2. Nf3 Nc6 3. Bc4 d6 4. d4 Bg4 5. c3 Qf6 6. Be3 Be7 7. Nbd2 exd4 8. cxd4 Bxf3 9. Nxf3 Qg6 10. 0-0 Nf6 11. Qb3 Na5 12. Qa4+ Nc6 13. d5 Qxe4 14. dxc6 Qxc6 15. Bb5 1-0

[Event "Leutersdorf Sparkasse op 13th"]
[Site "Leutersdorf"]
[Date "2009.02.15"]
[Round "7"]
[White "Pohl, Holger"]
[Black "Muenchhalfen, Harald"]
[Result "1/2-1/2"]
[WhiteElo "1248"]
[BlackElo "1352"]
[PlyCount "20"]
[EventDate "2009.02.13"]
[EventType "swiss"]
[EventRounds "7"]
[EventCountry "GER"]
[SourceTitle "CBM 128 Extra"]
[Source "ChessBase"]
[SourceDate "2009.03.05"]
[SourceVersion "2"]
[SourceVersionDate "2009.03.25"]
[SourceQuality "1"]

1. e4 e6 2. d4 d5 3. exd5 exd5 4. Nf3 Nf6 5. Nc3 c6 6. Be2 Bd6 7. 0-0 0-0 8. Bg5 Nbd7 9. Bd3 h6 10. Bh4 Qc7 1/2-1/2

[Event "Leutersdorf Muench Braeu op 14th"]
[Site "Leutersdorf"]
[Date "2009.02.11"]
[Round "8"]
[White "Pohl, Holger"]
[Black "Heintel, Fred"]
[Result "0-1"]
[WhiteElo "1248"]
[BlackElo "1992"]
[PlyCount "50"]
[EventDate "2009.02.07"]
[EventType "swiss"]
[EventRounds "9"]
[EventCountry "GER"]
[SourceTitle "CBM 128 Extra"]
[Source "ChessBase"]
[SourceDate "2009.03.05"]
[SourceVersion "2"]
[SourceVersionDate "2009.03.25"]
[SourceQuality "1"]

1. e4 e6 2. Nc3 d5 3. exd5 exd5 4. d4 Nf6 5. Nf3 Bb4 6. Bd2 0-0 7. Be2 c6 8. 0-0 Bd6 9. Ne5 a6 10. Bf4 Qc7 11. Bf3 Ne8 12. Qd2 f6 13. Nd3 g5 14. Bxd6 Qxd6 15. g3 Ng7 16. Bg2 Nf5 17. Bh3 Nxd4 18. Bxc8 Nf3+ 19. Kg2 Nxd2 20. Bxb7 Ra7 21. Rfd1 d4 22. Ne2 Qd5+ 23. Kg1 Nf3+ 24. Kg2 Nh4+ 25. Kh3 Qf5+ 0-1

[Event "Leutersdorf Muench Braeu op 14th"]
[Site "Leutersdorf"]
[Date "2009.02.07"]
[Round "1"]
[White "Bach, Ulf"]
[Black "Pohl, Holger"]
[Result "1-0"]
[WhiteElo "2022"]
[BlackElo "1248"]
[PlyCount "41"]
[EventDate "2009.02.07"]
[EventType "swiss"]
[EventRounds "9"]
[EventCountry "GER"]
[SourceTitle "CBM 128 Extra"]
[Source "ChessBase"]
[SourceDate "2009.03.05"]
[SourceVersion "2"]
[SourceVersionDate "2009.03.25"]
[SourceQuality "1"]

1. d4 d5 2. Bg5 Nf6 3. Nd2 Nc6 4. e3 e5 5. Bb5 Bd7 6. Bxc6 Bxc6 7. dxe5 h6 8. Bh4 g5 9. Bg3 d4 10. Ndf3 Bb4+ 11. Kf1 Bb5+ 12. Ne2 Bxe2+ 13. Qxe2 Ne4 14. Qb5+ c6 15. Qxb4 Nxg3+ 16. hxg3 dxe3 17. fxe3 Qd7 18. Qd4 Qf5 19. e6 Ke7 20. Qd7+ Kf6 21. Qxf7# 1-0

[Event "Leutersdorf Sparkasse op 11th"]
[Site "Leutersdorf"]
[Date "2007.02.18"]
[Round "5"]
[White "Pohl, Holger"]
[Black "Urban, Peter"]
[Result "1-0"]
[WhiteElo "1272"]
[BlackElo "1382"]
[PlyCount "58"]
[EventDate "2007.02.16"]
[EventType "swiss"]
[EventRounds "7"]
[EventCountry "GER"]
[SourceTitle "CBM 117 Extra"]
[Source "ChessBase"]
[SourceDate "2007.05.09"]
[SourceVersion "1"]
[SourceVersionDate "2007.05.09"]
[SourceQuality "1"]

1. e4 c5 2. Nf3 e6 3. d4 cxd4 4. Nxd4 a6 5. Bd3 Nf6 6. Nc3 Bb4 7. Bd2 d6 8. 0-0 0-0 9. a3 Ba5 10. Nde2 Bc7 11. Ng3 b6 12. Bg5 h6 13. Bxf6 Qxf6 14. Nh5 Qh4 15. g3 Qe7 16. Be2 Bb7 17. Nf4 Nd7 18. Bf3 Rad8 19. Re1 g5 20. Ng2 Ne5 21. Ne3 Nxf3+ 22. Qxf3 f5 23. Qh5 Qf6 24. exf5 exf5 25. Ned5 Qg7 26. Re7 Rf7 27. Rae1 Rd7 28. Re8+ Kh7 29. h4 f4 1-0

[Event "Leutersdorf Muench Braeu op 12th"]
[Site "Leutersdorf"]
[Date "2007.02.14"]
[Round "7"]
[White "Nguyen Minh, Thuy"]
[Black "Pohl, Holger"]
[Result "1-0"]
[WhiteElo "1541"]
[BlackElo "1272"]
[PlyCount "65"]
[EventDate "2007.02.10"]
[EventType "swiss"]
[EventRounds "7"]
[EventCountry "GER"]
[SourceTitle "EXT 2008"]
[Source "ChessBase"]
[SourceDate "2007.11.25"]
[SourceVersion "1"]
[SourceVersionDate "2007.11.25"]
[SourceQuality "1"]

1. e4 e5 2. Nf3 Nc6 3. Bc4 Bc5 4. d3 d6 5. c3 Na5 6. Bb5+ c6 7. Ba4 b5 8. Bc2 Bb6 9. b4 Nb7 10. h3 Nf6 11. Bg5 0-0 12. 0-0 Qe7 13. Re1 Bd8 14. d4 a5 15. a3 Qc7 16. Nbd2 a4 17. c4 Nd7 18. Be3 exd4 19. Bxd4 Ne5 20. cxb5 cxb5 21. Rc1 Qe7 22. Qe2 Bd7 23. Nh2 Rc8 24. Nb1 Bc7 25. f4 Ng6 26. e5 Nxf4 27. Qe4 Nxh3+ 28. gxh3 Qg5+ 29. Qg2 Qxg2+ 30. Kxg2 dxe5 31. Bxe5 Bc6+ 32. Kf1 Bb6 33. Bf5 1-0

[Event "Leutersdorf Muench Braeu op 12th"]
[Site "Leutersdorf"]
[Date "2007.02.13"]
[Round "5"]
[White "Skiba, Marta"]
[Black "Pohl, Holger"]
[Result "1/2-1/2"]
[WhiteElo "1600"]
[BlackElo "1272"]
[PlyCount "64"]
[EventDate "2007.02.10"]
[EventType "swiss"]
[EventRounds "7"]
[EventCountry "GER"]
[SourceTitle "EXT 2008"]
[Source "ChessBase"]
[SourceDate "2007.11.25"]
[SourceVersion "1"]
[SourceVersionDate "2007.11.25"]
[SourceQuality "1"]

1. e4 e6 2. d4 d5 3. Nc3 Nc6 4. e5 Bb4 5. f4 Nge7 6. Nf3 0-0 7. Be2 f5 8. 0-0 Ng6 9. Be3 Bd7 10. a3 Be7 11. b4 a6 12. Qd2 b5 13. Nd1 Na7 14. Nf2 Nc8 15. c3 c6 16. Nh3 Nb6 17. Nfg5 Nc4 18. Qc1 Nh8 19. Bf2 Nf7 20. Bh4 Nxg5 21. fxg5 g6 22. Bg3 a5 23. Be1 axb4 24. cxb4 Qb6 25. Bf2 Ra6 26. Bxc4 bxc4 27. Qc3 Rfa8 28. Be1 Qd8 29. Bd2 Qb6 30. Ra2 Qb5 31. Rfa1 Ra4 32. Nf2 Qb6 1/2-1/2

[Event "Loebau-Zittau KSK op"]
[Site "Leutersdorf"]
[Date "2004.02.14"]
[Round "5"]
[White "Pohl, Holger"]
[Black "Schulz, Anja2222"]
[Result "1-0"]
[WhiteElo "1218"]
[BlackElo "1101"]
[PlyCount "81"]
[EventDate "2004.02.13"]
[EventType "swiss"]
[EventRounds "7"]
[EventCountry "GER"]
[SourceTitle "CBM 098 Extra"]
[Source "ChessBase"]
[SourceDate "2004.03.10"]
[SourceVersion "2"]
[SourceVersionDate "2004.03.10"]
[SourceQuality "1"]

1. e4 c5 2. Nf3 d6 3. Nc3 Nc6 4. d4 cxd4 5. Nxd4 Nf6 6. Bb5 Bd7 7. 0-0 g6 8. Be3 Bg7 9. Nf3 0-0 10. Qd2 a6 11. Bxc6 Bxc6 12. e5 dxe5 13. Qxd8 Raxd8 14. Nxe5 Be4 15. Nxe4 Nxe4 16. Nd3 Rd6 17. f3 Nf6 18. Bc5 Rd7 19. Rfe1 Re8 20. Rad1 Rc7 21. c3 Bh6 22. Bd4 Rc6 23. Nf2 Bg7 24. Nd3 e6 25. Ne5 Rcc8 26. Nd3 Nd5 27. Bxg7 Kxg7 28. Kf2 Kf6 29. a3 Nb6 30. Ne5 h5 31. g4 h4 32. g5+ Kxg5 33. Nxf7+ Kf4 34. Nd6 Red8 35. Nxc8 Rxd1 36. Re4+ Kf5 37. Nxb6 Rd2+ 38. Re2 Rd3 39. Nc4 Kf4 40. Ne5 Rd1 41. Nxg6+ 1-0

[Event "Loebau-Zittau KSK op"]
[Site "Leutersdorf"]
[Date "2004.02.13"]
[Round "2"]
[White "Gutsche, Klemens"]
[Black "Pohl, Holger"]
[Result "1-0"]
[WhiteElo "1715"]
[BlackElo "1218"]
[PlyCount "107"]
[EventDate "2004.02.13"]
[EventType "swiss"]
[EventRounds "7"]
[EventCountry "GER"]
[SourceTitle "CBM 098 Extra"]
[Source "ChessBase"]
[SourceDate "2004.03.10"]
[SourceVersion "2"]
[SourceVersionDate "2004.03.10"]
[SourceQuality "1"]

1. d4 d5 2. Nc3 Nc6 3. f3 e6 4. a3 Nf6 5. Bg5 Be7 6. e3 0-0 7. Bd3 g6 8. Bh4 Nh5 9. Bf2 Re8 10. Nge2 Bf8 11. Ng3 Ng7 12. e4 dxe4 13. Bxe4 Ne7 14. 0-0 c6 15. Nce2 Nd5 16. c4 Nb6 17. Qb3 Nf5 18. Rad1 Nxg3 19. Nxg3 Nd7 20. Rfe1 Nf6 21. Bb1 Bg7 22. Qd3 b6 23. Ba2 Ba6 24. Qd2 Bb7 25. Qc1 Rc8 26. Be3 Rc7 27. Bg5 Rd7 28. Qf4 c5 29. d5 Rd6 30. Ne4 e5 31. Qh4 a6 32. Nxd6 Qxd6 33. Bb1 b5 34. b3 b4 35. axb4 cxb4 36. Qf2 Rc8 37. Rc1 a5 38. Red1 Nd7 39. Qa7 Nc5 40. Be3 Nxb3 41. Qxb7 Rb8 42. Qa7 Nxc1 43. Rxc1 b3 44. Qxa5 b2 45. Rd1 Rb3 46. c5 Qb8 47. Kf2 e4 48. f4 Bc3 49. Qa4 Bg7 50. d6 Qd8 51. Qxb3 Qh4+ 52. Kg1 h5 53. c6 Qg4 54. d7 1-0

[Event "Leutersdorf Muench Braeu op 08th"]
[Site "Leutersdorf"]
[Date "2003.02.13"]
[Round "5"]
[White "Braunstein, Fabian"]
[Black "Pohl, Holger"]
[Result "1-0"]
[WhiteElo "1453"]
[BlackElo "1085"]
[PlyCount "43"]
[EventDate "2003.02.12"]
[EventType "swiss"]
[EventRounds "9"]
[EventCountry "GER"]
[SourceTitle "CBM 092 Extra"]
[Source "ChessBase"]
[SourceDate "2003.03.07"]
[SourceVersion "1"]
[SourceVersionDate "2003.03.07"]
[SourceQuality "1"]

1. e4 e5 2. Nf3 Nc6 3. Bc4 Bc5 4. c3 Nf6 5. d4 exd4 6. cxd4 Bb6 7. d5 Na5 8. Bd3 d6 9. b4 c5 10. bxa5 Bxa5+ 11. Nbd2 0-0 12. 0-0 a6 13. Bb2 Re8 14. Nc4 Bc7 15. e5 dxe5 16. Ncxe5 Bd7 17. Qb3 b5 18. d6 Bb8 19. Qxf7+ Kh8 20. Nxd7 Bxd6 21. Nxf6 Rf8 22. Ng5 1-0